Intenzifikácia výučby strojárskych technologických predmetov prostredníctvom problémového vyučovania : Dizertačná práca /

Gespeichert in:
Bibliographische Detailangaben
1. Verfasser: Potůčková, Jana (Verfasst von)
Format: Manuskript Buch
Sprache:Slowakisch
Veröffentlicht: Trnava : STU v Bratislave MTF, 1995
Schlagworte:
Tags: Tag hinzufügen
Keine Tags, Fügen Sie das erste Tag hinzu!

MARC

LEADER 00000ntm a22000003a 4500
001 stu46356
005 20160719155247.0
008 980512s1995----cs------------------slo-d
040 |a STU  |b slo 
041 0 |a slo 
044 |a cs 
080 |a 371.314.6 
080 |a 621(043.3) 
100 1 |a Potůčková, Jana  |4 aut 
245 1 |a Intenzifikácia výučby strojárskych technologických predmetov prostredníctvom problémového vyučovania :  |b Dizertačná práca /  |c [aut.]Ing.Jana Potůčková 
260 |a Trnava :  |b STU v Bratislave MTF,  |c 1995 
300 |a 206 s 
650 7 |a strojárstvo  |2 stusub 
650 7 |a Vyučovanie problémové  |2 stusub 
650 7 |a práce dizertačné  |2 stusub 
996 |b .  |c M* DzP-550  |l MMSKP  |s P  |a 0  |w stu46356_0002